[Event "inAUTOmarket Open"]
[Site "Minsk BLR"]
[Date "2005.07.15"]
[Round "6"]
[White "Yarmysty,M"]
[Black "Balashov,Y"]
[Result "1-0"]
[WhiteElo "2347"]
[BlackElo "2469"]

1.e4 c5 2.Nf3 Nc6 3.Bb5 g6 4.O-O Bg7 5.c3 Nf6 6.Qa4 O-O 7.d4 cxd4 8.cxd4 d5
9.e5 Ne4 10.Bxc6 bxc6 11.Qxc6 Bg4 12.h3 Rc8 13.Qa6 Bd7 14.Na3 Qb6 15.Qxb6 axb6
16.Be3 f6 17.Rac1 g5 18.exf6 exf6 19.Rxc8 Rxc8 20.Rc1 Rxc1+ 21.Bxc1 Kf7 22.Nc2 Ke6
23.Nfe1 h6 24.f3 Nd6 25.Kf2 f5 26.g3 Nb5 27.Ke3 f4+ 28.gxf4 gxf4+ 29.Kd3 Kf7
30.Bxf4 Bxh3 31.a4 Na7 32.Ne3 Ke6 33.N1c2 Bf8 34.b4 h5 35.b5 Nc8 36.Ke2 Be7
37.Be5 h4 38.Ne1 Bg5 39.f4 Be7 40.Kf3 Nd6 41.N1g2 Nf5 42.Nxf5 Bxf5 43.a5 Kd7
44.axb6 Kc8 45.Ne3 Be4+ 46.Kg4 Kb7 47.f5 Kxb6 48.f6 Bf8 49.Kxh4 Bg6 50.Kg5 Bf7
51.Nf5  1-0

[Event "Aegean Open"]
[Site "Kirykos GRE"]
[Date "2005.07.16"]
[Round "5"]
[White "Turov,M"]
[Black "Zakarian,D"]
[Result "1/2-1/2"]
[WhiteElo "2527"]
[BlackElo "2339"]

1.e4 c5 2.Nf3 Nc6 3.Bb5 g6 4.O-O Bg7 5.Re1 Nf6 6.c3 O-O 7.h3 e5 8.d4 cxd4
9.cxd4 Nxd4 10.Nxd4 exd4 11.e5 Nd5 12.Qb3 Nc7 13.Bf4 Ne6 14.Bg3 a6 15.Bc4 b5
16.Bd5 Rb8 17.Nd2 Bb7 18.Bxb7 Rxb7 19.Ne4 Rb6 20.Nd6 f5 21.exf6 Bxf6 22.Rac1 Kg7
23.Ne4 Bg5 24.Be5+ Kh6 25.Rcd1 d5 26.Nxg5 Qxg5 27.Rxd4 Nxd4 28.Bxd4 Re6 29.Be3 Rxe3
30.Rxe3 d4 31.Re2 Qc1+ 32.Kh2 Qc4 33.Rd2 d3 34.Qc3 Qxc3 35.bxc3 Rf4 36.Kg3 Ra4
37.Kf3  1/2-1/2

[Event "inAUTOmarket Open"]
[Site "Minsk BLR"]
[Date "2005.07.16"]
[Round "7"]
[White "Ostrovskiy,A"]
[Black "Kupreichik,V"]
[Result "1/2-1/2"]
[WhiteElo "2345"]
[BlackElo "2468"]

1.e4 c5 2.Nf3 Nc6 3.Bb5 g6 4.O-O Bg7 5.c3 Nf6 6.Re1 O-O 7.h3 Qb6 8.Na3 d5
9.e5 Ne8 10.Bf1 Nc7 11.Nc2 Bf5 12.Ne3 Be6 13.d4 cxd4 14.cxd4 f6 15.Ng4 Bxg4
16.hxg4 fxe5 17.dxe5 Nxe5 18.Be3 Nxf3+ 19.gxf3 d4 20.Bg5 e5 21.Bc4+ Kh8 22.Kg2 Rae8
23.Qb3 Qxb3 24.Bxb3 Ne6 25.Bd2 Nc5 26.Bb4 Nxb3 27.axb3 Rf7 28.Rxa7 Bh6 29.Ra5 Bf4
30.Rd5 Kg7 31.Rxd4 exd4 32.Rxe8 Rd7 33.Re4 g5 34.Re7+ Rxe7 35.Bxe7 Kf7 36.Bc5 Be5
37.Kf1 Ke6 38.Ke2 d3+ 39.Kxd3 Bxb2 40.Ke4 Be5 41.Be3 Bf6 42.f4 gxf4 43.Bxf4 Bc3
44.Be3 Bb2 45.f4 Bc3 46.Bc5 Bf6 47.f5+ Kd7 48.Bd4 Bh4 49.Ke5 Ke7 50.Be3 Bf6+
51.Kd5 Bc3 52.g5 Kf7 53.Kc4 Be5 54.Kb5 Bc7 55.Kc5 Ke7 56.b4 Bd6+ 57.Kb5 Bc7
58.Bd2 Kf7 59.Kc5 Ke7 60.Bc3 Kd7 61.Bd2 Ke7 62.Kd5 Kf7 63.Be3 Bg3 64.Ke4 Bd6
65.Bd2 Bc7 66.Bc3 Bd6 67.Kf3 Bc7 68.Kg4 Bd6 69.Kh5 Bf8 70.b5 Bc5 71.Kh6 Be3
72.Bf6 Kg8 73.Be5 Bd2 74.Kh5 Kf7 75.g6+ hxg6+ 76.fxg6+ Ke6 77.g7 Kf7 78.Kg4 Bb4
79.Kf5 Be7 80.Ke4 Bb4 81.Kd5 Be7 82.Bd4 Bb4 83.Bc5 Ba5 84.Bf8 Bc7 85.Kc5 Bd8
86.b6 Kg8  1/2-1/2

[Event "Open A"]
[Site "Chojnice POL"]
[Date "2005.07.17"]
[Round "3"]
[White "Olszewski,Ma"]
[Black "Shishkin,Va UKR"]
[Result "0-1"]
[WhiteElo "2161"]
[BlackElo "2507"]

1.e4 c5 2.Nf3 Nc6 3.Bb5 g6 4.Bxc6 dxc6 5.h3 Bg7 6.d3 b6 7.O-O Nh6 8.Nc3 O-O
9.Nh2 e5 10.f4 f5 11.fxe5 Nf7 12.Nf3 Nxe5 13.Nxe5 Bxe5 14.exf5 Qd4+ 15.Kh1 Bxf5
16.Ne2 Qh4 17.Qe1 Qxe1 18.Rxe1 Rae8 19.Bh6 Bxb2 20.Rab1 Bg7 21.Bxg7 Kxg7
22.Ng3 Be6 23.a3 c4 24.d4 Bd5 25.Kg1 h5 26.c3 Kh6 27.Nf1 Be4 28.Rbd1 Bc2
29.Rc1 Bd3 30.Nh2 Be4 31.Re2 Bd5 32.Rce1 Rxe2 33.Rxe2 b5 34.Nf1 a5 35.Ne3 Be4
36.Ng4+ hxg4 37.Rxe4 g3 38.Rh4+ Kg7 39.Rg4 Rf2 40.Rxg3 Ra2 41.h4 Kh6 42.Rg5 Rxa3
43.d5 cxd5 44.Rxd5 b4  0-1

[Event "Politiken Cup"]
[Site "Copenhagen DEN"]
[Date "2005.07.17"]
[Round "3"]
[White "Bae,T"]
[Black "Thomassen,T"]
[Result "1-0"]
[WhiteElo "2316"]
[BlackElo "2035"]

1.e4 c5 2.Nf3 Nc6 3.Bb5 g6 4.O-O Bg7 5.Re1 Nf6 6.c3 O-O 7.h3 d5 8.e5 Ne8
9.d4 Qb6 10.Ba4 cxd4 11.cxd4 Nc7 12.Nc3 Qa6 13.Bg5 b5 14.Bb3 h6 15.Bh4 g5
16.Bg3 Rd8 17.e6 Nxe6 18.Nxd5 Qb7 19.Rc1 Rd7 20.Ne5 Nxe5 21.dxe5 a5 22.a3 b4
23.axb4 axb4 24.Re2 Ra5 25.Rec2 Ra8 26.Qg4 Rd8 27.Qe4 Rb8 28.Rxc8  1-0

[Event "Politiken Cup"]
[Site "Copenhagen DEN"]
[Date "2005.07.17"]
[Round "3"]
[White "Vasquez,R"]
[Black "Romsdal,T"]
[Result "1-0"]
[WhiteElo "2558"]
[BlackElo "2204"]

1.e4 c5 2.Nf3 Nc6 3.Bb5 Nd4 4.Nxd4 cxd4 5.O-O g6 6.d3 Bg7 7.f4 a6 8.Ba4 b5
9.Bb3 d6 10.Nd2 e6 11.a4 Rb8 12.axb5 axb5 13.f5 exf5 14.exf5 Bxf5 15.g4 Be6
16.Bxe6 fxe6 17.Ra7 Ne7 18.Ne4 Qb6 19.Ra1 Nd5 20.Ng5 Ne3 21.Qe2 d5 22.Bxe3 dxe3
23.c3 h6 24.Nf3 e5 25.d4 exd4 26.Nxd4 Bxd4 27.cxd4 Qxd4 28.Qf3 Qe5 29.Qf7+ Kd8
30.Ra7  1-0

[Event "inAUTOmarket Open"]
[Site "Minsk BLR"]
[Date "2005.07.17"]
[Round "8"]
[White "Smirnov,Va"]
[Black "Bogachkov,I"]
[Result "1/2-1/2"]
[WhiteElo "2388"]
[BlackElo "2337"]

1.e4 c5 2.Nf3 Nc6 3.Bb5 g6 4.Bxc6 dxc6 5.d3 Bg7 6.h3 Nf6 7.Nc3 Nd7 8.Be3 O-O
9.Qd2 e5 10.Bh6 Bxh6 11.Qxh6 f6 12.O-O Rf7 13.Nh2 Nf8 14.f4 exf4 15.Rxf4 c4
16.Rf2 cxd3 17.Rd1 Qe7 18.cxd3 Bd7 19.Nf3 c5 20.Nd5 Qd8 21.Rdf1 Be6 22.Ne5 fxe5
23.Rxf7 Bxf7 24.Nf6+ Kh8 25.Nh5 Ne6 26.Rxf7 Qg8 27.Re7 Re8 28.Nf6 Rxe7 29.Nxg8 Kxg8
30.Qc1 b6 31.Qc4 Kg7 32.Qd5 Kf6 33.g3 h5 34.h4 Nd4 35.Kg2 Re6 36.Qa8 Re7
37.Qf8+ Ke6 38.Qg8+ Kf6 39.Qf8+ Ke6 40.Qh6 Kf7 41.Kh3 Ne6 42.Qh8 Ng7 43.Qd8 Ne6
44.Qd6 Kf6 45.Qc6 Kf7 46.a4 Re8 47.Qb7+ Re7 48.Qb8 Nd4 49.Qa8 Ne6 50.a5 bxa5
51.Qc6 Kf6  1/2-1/2

[Event "Magistral"]
[Site "Salamanca ESP"]
[Date "2005.07.17"]
[Round "8"]
[White "Galego,L"]
[Black "Garcia Garcia,R"]
[Result "1-0"]
[WhiteElo "2501"]
[BlackElo "2343"]

1.e4 c5 2.Nf3 Nc6 3.Bb5 Nf6 4.e5 Ng4 5.Bxc6 dxc6 6.h3 Nh6 7.O-O g6 8.d3 Bg7
9.Bf4 O-O 10.Nc3 Nf5 11.Ne4 b6 12.Re1 Nd4 13.a4 h6 14.a5 Be6 15.Nfd2 Qc7
16.c3 Nb5 17.Nc4 Qb7 18.Qf3 Rfd8 19.Qe3 Kh7 20.Qg3 Bf5 21.Rad1 Nc7 22.Qh4 Ne6
23.Ng5+ Nxg5 24.Bxg5 Rd7 25.axb6 axb6 26.Ne3 Be6 27.Ng4 h5 28.Nh2 Rh8 29.Nf3 Bd5
30.Re3 Qc7 31.Bf4 Bxf3 32.Rxf3 e6 33.Re1 Rd5 34.Re4 Qd7 35.Qg3 Ra8 36.Bg5 Ra1+
37.Kh2 Kg8 38.Bf6 Rd1 39.Bxg7 Kxg7 40.Ref4 f5 41.exf6+ Kf7 42.Qxg6+ Kxg6
43.f7 Qxf7 44.Rxf7 Rf5 45.R3xf5 exf5 46.Rc7 Rxd3 47.Rxc6+ Kg5 48.Rxb6 Kf4
49.h4 Rd2 50.f3 Ke3 51.Rf6 f4 52.Rf5 c4 53.Re5+ Kf2 54.Rxh5 Kf1 55.Rg5 Rxb2
56.h5 Kf2 57.h6 Rb6 58.Rh5 Rb8 59.h7 Rh8 60.Kh3  1-0

[Event "MTO Open"]
[Site "Biel SUI"]
[Date "2005.07.18"]
[Round "1"]
[White "Gaehler,M"]
[Black "Raetsky,A"]
[Result "0-1"]
[WhiteElo "2136"]
[BlackElo "2453"]

1.e4 c5 2.Nf3 Nc6 3.Bb5 e6 4.Bxc6 bxc6 5.d3 Ne7 6.Nc3 Ng6 7.h4 h5 8.e5 f6
9.exf6 gxf6 10.Rh3 d5 11.Rg3 Ne7 12.b3 Nf5 13.Rh3 e5 14.Na4 Nd4 15.Rg3 Bg4
16.Qd2 Nf5  0-1

[Event "Aegean Open"]
[Site "Kirykos GRE"]
[Date "2005.07.18"]
[Round "7"]
[White "Panagiotopolous,A"]
[Black "Zakarian,D"]
[Result "0-1"]
[WhiteElo "2137"]
[BlackElo "2339"]

1.e4 c5 2.Nf3 Nc6 3.Bb5 e5 4.O-O Nge7 5.c3 Qb6 6.Bc4 h6 7.d4 cxd4 8.cxd4 exd4
9.Na3 Ng6 10.Nb5 Nge5 11.Bf4 d6 12.Be2 Nxf3+ 13.gxf3 Bh3 14.Bxd6 Bxd6 15.Nxd6+ Kf8
16.Re1 Rd8 17.Nc4 Qc5 18.f4 b5 19.Nd2 Qd6 20.Qb3 d3 21.Bf1 Bxf1 22.Rxf1 Qxf4
23.Qxb5 Nd4 24.Rad1 Nxb5  0-1

[Event "inAUTOmarket Open"]
[Site "Minsk BLR"]
[Date "2005.07.18"]
[Round "9"]
[White "Kim,Alex"]
[Black "Kozlov,Y"]
[Result "1-0"]
[WhiteElo "2449"]
[BlackElo "2323"]

1.e4 c5 2.Nf3 Nc6 3.Bb5 g6 4.O-O Bg7 5.c3 Nf6 6.Re1 O-O 7.d4 Qb6 8.Bxc6 dxc6
9.h3 h6 10.Qc2 Ne8 11.Be3 cxd4 12.cxd4 f5 13.Nbd2 f4 14.Nc4 Qb5 15.Bd2 Qh5
16.Nce5 Nd6 17.Qb3+ Kh7 18.Bb4 g5 19.Nh2 Nb5 20.Nef3 Nxd4 21.Nxd4 Bxd4 22.Bxe7 Re8
23.Bd6 Bb6 24.a4 Be6 25.Qb4 Qf7 26.Rad1 Rad8 27.e5 Rd7 28.a5 Bd8 29.Qc3 Bd5
30.b4 Re6 31.Nf3 Bxf3 32.Qxf3 Be7 33.Bxe7 Rdxe7 34.Rd8 Qf5 35.Ra8 Rxe5 36.Rxe5 Qxe5
37.Qd3+ Qe4 38.Qxe4+ Rxe4 39.Rxa7 Rxb4 40.a6 Rb1+ 41.Kh2 Kg6 42.Rxb7 Ra1
43.Rb6 Ra2 44.Rxc6+ Kg7 45.f3 h5 46.Kg1 Ra1+ 47.Kf2 Ra2+ 48.Kf1 Ra1+ 49.Ke2 Ra2+
50.Kd3 Rxg2 51.Rc2 Rg1 52.Ra2 Rd1+ 53.Ke4 Rd8 54.a7 Ra8 55.Kf5 g4 56.hxg4 hxg4
57.Kxg4 Kf6 58.Kxf4 Ke6 59.Ra6+ Kd7 60.Ke5 Ke7  1-0

[Event "Magistral"]
[Site "Salamanca ESP"]
[Date "2005.07.18"]
[Round "9"]
[White "Sanz Alonso,F"]
[Black "Garcia Garcia,R"]
[Result "1-0"]
[WhiteElo "2368"]
[BlackElo "2343"]

1.e4 c5 2.Nf3 Nc6 3.Bb5 Qc7 4.O-O e6 5.c3 a6 6.Ba4 b5 7.Bc2 Bb7 8.Re1 Nge7
9.d4 cxd4 10.cxd4 Ng6 11.Nc3 Be7 12.Be3 O-O 13.Rc1 Na5 14.Nd2 f5 15.exf5 exf5
16.Qh5 b4 17.Nce4 Qb6 18.d5 Qb5 19.d6 Bd8 20.Nc5 Nh4 21.Ba4 Qb6 22.Nce4  1-0

[Event "Mercosur Cup"]
[Site "Vicente Lopez ARG"]
[Date "2005.07.18"]
[Round "5"]
[White "Fernandez,D USA"]
[Black "Mieles Palau,D"]
[Result "0-1"]
[WhiteElo "2406"]
[BlackElo "2476"]

1.e4 c5 2.Nf3 Nc6 3.Bb5 g6 4.O-O Bg7 5.c3 Nf6 6.e5 Nd5 7.d4 cxd4 8.cxd4 O-O
9.Nc3 Nxc3 10.bxc3 d5 11.exd6 Qxd6 12.a4 a6 13.Ba3 Qc7 14.Bd3 Rd8 15.Rb1 Rb8
16.Qb3 b6 17.Rfe1 e6 18.Qc4 b5 19.axb5 axb5 20.Qa2 b4 21.cxb4 Nxd4 22.Nxd4 Bxd4
23.Bf1 Bb7 24.Qe2 Rd5 25.Rec1 Qd6 26.Rc5 Bxc5 27.bxc5 Qc7 28.Qb2 Ra8 29.Bb4 Bc6
30.Qc1 Rad8 31.Ra1 Qe5 32.Bc3 Qf5 33.Qh6 e5 34.Ba5 R8d7 35.Qc1 Kg7 36.Be2 f6
37.h3 h5 38.Qc4 Rd4 39.Qa6 Qe4 40.f3 Qe3+ 41.Kf1 Ra4 42.Rxa4 Bxa4 43.Be1 Bd1
44.Bb5 Bc2 45.c6 Rd1 46.Be2 Bd3  0-1

[Event "MTO Open"]
[Site "Biel SUI"]
[Date "2005.07.19"]
[Round "2"]
[White "Straub,P"]
[Black "Pg,Mohd Omar Ak Hirawan"]
[Result "1/2-1/2"]
[WhiteElo "2084"]
[BlackElo "2364"]

1.e4 c5 2.Nf3 Nc6 3.Bb5 g6 4.Bxc6 dxc6 5.d3 Bg7 6.Nc3 Nf6 7.O-O Nd7 8.Be3 e5
9.Qd2 h6 10.Ne2 Qe7 11.c3 f5 12.g3 fxe4 13.dxe4 Nf6 14.Nh4 Nxe4 15.Qd3 Bf5
16.Nxf5 gxf5 17.f3 c4 18.Qxc4 Nd6 19.Qb3 Qf7 20.Bc5 Nc4 21.Rad1 b6 22.Bf2 O-O
23.Qc2 Rad8 24.b3 Nd6 25.c4 c5 26.Nc3 Rfe8 27.Rd5 e4 28.fxe4 Bxc3 29.Qxc3 Nxe4
30.Qd3 Rxd5 31.cxd5 Rd8 32.Rd1 Qf6 33.Be1 Qe5 34.Qa6 Ng5 35.Qd3 Qd4+ 36.Qxd4 cxd4
37.h4 Nf3+ 38.Kf2 Nxe1 39.Rxe1 Rxd5 40.Re7 d3 41.Ke1 d2+ 42.Kd1 Rd3 43.Rxa7 Rxg3
44.Kxd2 f4 45.Ke2 Rh3 46.Ra4 Rxh4 47.Kf3 Rh3+ 48.Kg2 Rg3+ 49.Kf2 Rc3 50.Rxf4 Rc2+
51.Kg3 Rxa2 52.Rf6 b5 53.Rb6 Kf7 54.Rxb5 Rd2 55.Rb7+  1/2-1/2

[Event "MTO Open"]
[Site "Biel SUI"]
[Date "2005.07.20"]
[Round "3"]
[White "Kobalia,M"]
[Black "Raetsky,A"]
[Result "1-0"]
[WhiteElo "2614"]
[BlackElo "2453"]

1.e4 c5 2.Nf3 Nc6 3.Bb5 e6 4.O-O Nge7 5.c3 a6 6.Ba4 b5 7.Bc2 Bb7 8.Qe2 Ng6
9.d4 cxd4 10.cxd4 Nh4 11.Rd1 Rc8 12.Nxh4 Qxh4 13.Nc3 Bb4 14.a4 bxa4 15.Rxa4 a5
16.Qb5 Nd8 17.d5 e5 18.Be3 O-O 19.Qxd7 Ba6 20.Bd3 Bxd3 21.Rxd3 Rb8 22.g3 Qh5
23.Qf5 Qxf5 24.exf5 Nb7 25.Ne4 Nd6 26.Rxb4 Rxb4 27.Nxd6 Rd8 28.Bc5 Rxb2 29.Ne4 Rb5
30.d6 Rd7 31.f6 a4 32.Ra3 Ra5 33.Bb6  1-0

[Event "Politiken Cup"]
[Site "Copenhagen DEN"]
[Date "2005.07.20"]
[Round "6"]
[White "Nordenbaek,J"]
[Black "Nielsen,JM"]
[Result "1-0"]
[WhiteElo "2246"]
[BlackElo "2123"]

1.e4 c5 2.Nf3 Nc6 3.Bb5 e6 4.Bxc6 bxc6 5.d3 d5 6.O-O Nf6 7.Nbd2 Nd7 8.Re1 Nb6
9.a4 a5 10.c4 f6 11.Qc2 Kf7 12.Nb3 Nd7 13.Qe2 e5 14.Bd2 Bd6 15.Rf1 Re8 16.Nh4 Nf8
17.Qe1 Bc7 18.Nxc5 dxc4 19.dxc4 Qd4 20.Nb3 Qxc4 21.Nxa5 Qe6 22.Kh1 Rd8 23.b4 Ba6
24.Rg1 Bd3 25.Rc1 Bxa5 26.bxa5 Bxe4 27.Qxe4 Rxd2 28.Rxc6 Qd5 29.Rc7+ Kg8
30.Qg4 g6 31.Nf5 Qe6 32.Nh6+ Kh8 33.Nf7+ Kg8 34.Nh6+ Kh8 35.Qb4 Rd7 36.Rxd7 Nxd7
37.Rd1 Rb8 38.Qd2 Nc5 39.h3 Ne4 40.Qe3 Qb3 41.Rd8+  1-0

[Event "BUL-TUR Friendly Match"]
[Site "Svilengrad BUL"]
[Date "2005.07.20"]
[Round "1"]
[White "Haznedaroglu,K"]
[Black "Spasov,V"]
[Result "1/2-1/2"]
[WhiteElo "2430"]
[BlackElo "2551"]

1.e4 c5 2.Nf3 Nc6 3.Bb5 Nf6 4.e5 Nd5 5.O-O Nc7 6.Bxc6 dxc6 7.h3 g6 8.Nc3 Bg7
9.d3 b6 10.a4 O-O 11.a5 Rb8 12.Be3 Ne6 13.Re1 Nd4 14.Bf4 Ne6 15.Bd2 Qc7 16.axb6 axb6
17.Ra4 Rd8 18.Rh4 Ra8 19.b3 Nd4 20.Rf4 h6 21.Rfe4 Bf5 22.R4e3 Be6 23.Ne4 Bd5
24.Nxd4 cxd4 25.R3e2 c5 26.f4 b5 27.Rf2 Ra6 28.Qg4 Bxe4 29.Rxe4 e6 30.Qf3 c4
31.bxc4 bxc4 32.Bb4 Bf8 33.Bxf8 Kxf8 34.dxc4 Qxc4 35.Rd2 Ra2 36.Qd3 Qxd3
37.Rxd3 Rc8 38.Re2 Rc4 39.Red2 Rcxc2 40.Rxc2 Rxc2 41.Rxd4 Kg7 42.h4 Rb2 43.Kh2 Re2
44.Kg3  1/2-1/2

[Event "MTO Open"]
[Site "Biel SUI"]
[Date "2005.07.21"]
[Round "4"]
[White "Pavlovic,Mi"]
[Black "Thaler,T"]
[Result "1-0"]
[WhiteElo "2471"]
[BlackElo "2186"]

1.e4 c5 2.Nf3 Nc6 3.Bb5 g6 4.Bxc6 dxc6 5.d3 Bg7 6.h3 Nf6 7.Nc3 O-O 8.O-O b6
9.Re1 Ne8 10.Bf4 Nc7 11.Qd2 Re8 12.Bh6 e5 13.Bxg7 Kxg7 14.Ne2 f6 15.Nh2 Ne6
16.b3 Nd4 17.Nxd4 cxd4 18.f4 g5 19.fxg5 fxg5 20.Rf1 Qe7 21.Rf3 Bd7 22.Rg3 h6
23.h4 Kg6 24.Rf1 Rf8 25.Rf2 Rxf2 26.Qxf2 Rf8 27.Rf3 Rxf3 28.Nxf3 Bg4 29.Nh2 Qe6
30.Kf1 c5 31.Ke1 b5 32.hxg5 hxg5 33.Qf8 c4 34.bxc4 bxc4 35.dxc4 Bh5 36.Kd2 Kh7
37.Qf5+ Qxf5 38.exf5 e4 39.c5 Be8 40.Ng4 e3+ 41.Ke1 Ba4 42.c3 dxc3 43.Nxe3 Kg7
44.Ng4 Bc6 45.f6+ Kf8 46.g3 Bd5 47.Ne5 Bxa2 48.c6 Be6 49.Kd1 a5 50.Kc2 a4
51.Kxc3 a3 52.c7 Ke8 53.Nf3 g4 54.Ng5 Bf5 55.Kb3 Kd7 56.Kxa3 Bg6 57.f7 Bxf7
58.Nxf7 Kxc7 59.Ne5  1-0

[Event "Open A"]
[Site "Chojnice POL"]
[Date "2005.07.21"]
[Round "8"]
[White "Siewert,R"]
[Black "Smykowski,M"]
[Result "0-1"]
[WhiteElo "2063"]
[BlackElo "1919"]

1.e4 c5 2.Nf3 Nc6 3.Bb5 g6 4.O-O Bg7 5.Bxc6 dxc6 6.e5 Bg4 7.Re1 Nh6 8.h3 Bxf3
9.Qxf3 O-O 10.Nc3 Nf5 11.d3 Nd4 12.Qd1 Qc7 13.Bf4 Rad8 14.Rc1 Ne6 15.Bg3 c4  0-1

[Event "Politiken Cup"]
[Site "Copenhagen DEN"]
[Date "2005.07.22"]
[Round "8"]
[White "Erice Alonso,S"]
[Black "Pedersen,Stee"]
[Result "1-0"]
[WhiteElo "2092"]
[BlackElo "1930"]

1.e4 c5 2.Nf3 Nc6 3.Bb5 g6 4.O-O Bg7 5.Re1 Nf6 6.e5 Nd5 7.Nc3 Nc7 8.Bxc6 dxc6
9.Ne4 b6 10.Nf6+ Kf8 11.Ne4 Bg4 12.d3 Qd5 13.Ned2 Bxe5 14.c4 Qd6 15.Ne4 Qd8
16.Nxe5 Bxd1 17.Bh6+ Kg8 18.Nxc6 Qd7 19.Nf6+ exf6 20.Ne7+ Qxe7 21.Rxe7 Bc2  1-0

[Event "Open A"]
[Site "Pardubice CZE"]
[Date "2005.07.22"]
[Round "1"]
[White "Levushkina,E"]
[Black "Satyapragyan,S"]
[Result "0-1"]
[WhiteElo "2227"]
[BlackElo "2397"]

1.e4 c5 2.Nf3 Nc6 3.Bb5 d6 4.O-O Bd7 5.c3 Nf6 6.Re1 a6 7.Bxc6 Bxc6 8.d4 g6
9.d5 Bd7 10.e5 dxe5 11.Nxe5 Bg7 12.c4 O-O 13.Nc3 Bf5 14.Bg5 Qc7 15.Nd3 b6
16.a4 Rad8 17.a5 b5 18.Bf4 Qc8 19.Rxe7 bxc4 20.Ne5 Nh5 21.Qf3 Nxf4 22.Qxf4 Qb8
23.Qe3 Bf6 24.Nc6 Qxb2 25.Rc1 Bd4 26.Qe1 Bxf2+ 27.Qxf2 Qxc1+ 28.Qe1 Qxe1+
29.Rxe1 Rfe8 30.Kf2 Rxe1 31.Kxe1 Re8+ 32.Kd2 Bd7 33.Na4 Bxc6 34.dxc6 Rc8
35.Kc3 Rxc6 36.Kxc4 Kf8 37.Kd5 Rf6 38.Nxc5 Ke7  0-1

[Event "Open A"]
[Site "Pardubice CZE"]
[Date "2005.07.23"]
[Round "2"]
[White "Kalod,R"]
[Black "Kuziola,M"]
[Result "1-0"]
[WhiteElo "2492"]
[BlackElo "2296"]

1.e4 c5 2.Nf3 Nc6 3.Bb5 g6 4.c3 Nf6 5.Qe2 Bg7 6.O-O O-O 7.Rd1 d6 8.h3 Bd7
9.d4 cxd4 10.cxd4 a6 11.Bxc6 bxc6 12.Nc3 Qb6 13.b3 Rac8 14.Bb2 Qb7 15.Rac1 Rfd8
16.Ba3 Qb6 17.e5 Ne8 18.d5 c5 19.Qe3 Qa5 20.Bb2 Nc7 21.Nd2 Nb5 22.Nc4 Qc7
23.Ne4 dxe5 24.b4 Nd4 25.bxc5 Ba4 26.Rd2 Rxd5 27.Nc3 Rxc5 28.Nxa4 Rxc4 29.Rxc4 Qxc4
30.Nb6 Qe6 31.Nxc8 Qxc8 32.Qe4 h5 33.Rd1 Qc4 34.Qb1 e4 35.Kh1 e5 36.Re1 f5
37.Bc1 Kh7 38.Be3 f4 39.Bxd4 Qxd4 40.Qc2 e3 41.fxe3 fxe3 42.Qb3 Qd2 43.Rxe3 Qc1+
44.Kh2 Bh6 45.Qf7+ Kh8 46.Qf6+ Kh7 47.Rg3 Qc2 48.Qf7+ Bg7 49.a3 Qe4 50.Qf3 Qc4
51.Qd3 Qe6 52.Qe4 Bh6 53.Rf3 Qd6 54.Rf7+ Kg8 55.Qc4 e4+ 56.Kh1  1-0

[Event "Open A"]
[Site "Pardubice CZE"]
[Date "2005.07.23"]
[Round "2"]
[White "Londyn,R"]
[Black "Weber,T"]
[Result "1/2-1/2"]
[WhiteElo "2350"]
[BlackElo "2235"]

1.e4 c5 2.Nf3 Nc6 3.Bb5 g6 4.Bxc6 dxc6 5.d3 Bg7 6.h3 Nf6 7.Bd2 Nd7 8.Bc3 e5
9.Nbd2 f6 10.O-O Nf8 11.b4 cxb4 12.Bxb4 Ne6 13.Nb3 a5 14.Ba3 a4 15.Nc1 Kf7
16.Ne2 Qc7 17.c3 Rd8 18.d4 b6 19.Qc2 Ba6 20.Rfd1 Bc4 21.Ng3 Bh6 22.dxe5 fxe5
23.Rxd8 Rxd8 24.Qxa4 b5 25.Qc2 Bf4 26.Bc1 Rd3 27.Ne2 g5 28.Bxf4 gxf4 29.a4 Nc5
30.axb5 cxb5 31.Nc1 Rd7 32.Nd2 Be6 33.Kh2 Kf6 34.Rb1 Qc6 35.Rb4 Na6 36.Rb2 Nc5
37.Rb4 Na6 38.Rb1 Nc5 39.Ra1 Qc7 40.f3 Qd8 41.Ndb3 Na4 42.Qf2 Kf7 43.Nc5 Rd2
44.Nxe6 Kxe6 45.Qf1 Nxc3 46.Nb3 Rb2 47.Nc5+ Kf7 48.Ra7+ Ke8 49.Qa1 Na4 50.Rxa4 Rxg2+
51.Kxg2 Qd2+ 52.Kh1 bxa4 53.Qxa4+ Kf8 54.Qa8+ Ke7 55.Qb7+ Kf6 56.Qb6+ Kg5
57.Qb1 Kh4 58.Qg1 h5 59.Nb3 Qe2 60.Qg2  1/2-1/2

[Event "Open A"]
[Site "Pardubice CZE"]
[Date "2005.07.23"]
[Round "2"]
[White "Jeitz,C"]
[Black "Rutkowski,M"]
[Result "0-1"]
[WhiteElo "2170"]
[BlackElo "2358"]

1.e4 c5 2.Nf3 Nc6 3.Bb5 e6 4.O-O Nge7 5.b3 Ng6 6.Bb2 f6 7.d4 cxd4 8.Nxd4 a6
9.Bxc6 bxc6 10.c4 Qc7 11.Nc3 Bd6 12.g3 O-O 13.Qd2 Bb7 14.Rad1 Be7 15.Nde2 Rad8
16.Qe3 c5 17.f3 f5 18.exf5 Rxf5 19.Ne4 d5 20.g4 Rf7 21.cxd5 exd5 22.N4g3 d4
23.Nxd4 cxd4 24.Rxd4 Rxd4 25.Bxd4 Nh4 26.Ne4 Qf4  0-1

[Event "Open A"]
[Site "Pardubice CZE"]
[Date "2005.07.25"]
[Round "4"]
[White "Buchal,S"]
[Black "Kryvoruchko,Y"]
[Result "1/2-1/2"]
[WhiteElo "2367"]
[BlackElo "2476"]

1.e4 c5 2.Nf3 Nc6 3.Bb5 g6 4.O-O Bg7 5.c3 Nf6 6.e5 Nd5 7.d4 cxd4 8.cxd4 O-O
9.Nc3 Nc7 10.Re1 d6 11.exd6 Qxd6 12.Ne4 Qd5 13.Nc3 Qd8 14.Bxc6 bxc6 15.Ne5 Bb7
16.Qa4 Ne6 17.Qb3 Qb6 18.Qxb6 axb6 19.Nd7 Rfd8 20.Nxb6 Ra6 21.Nba4 Rxd4 22.Rxe6 fxe6
23.Nc5 Rb6 24.Nxe6 Rd3 25.Nxg7 Kxg7 26.b3 Kf7 27.Be3 c5 28.Rc1 Rc6 29.h3 Rd8  1/2-1/2

[Event "Open A"]
[Site "Pardubice CZE"]
[Date "2005.07.25"]
[Round "4"]
[White "Londyn,R"]
[Black "Volodin,V"]
[Result "1/2-1/2"]
[WhiteElo "2350"]
[BlackElo "2245"]

1.e4 c5 2.Nf3 Nc6 3.Bb5 g6 4.Bxc6 dxc6 5.d3 Bg7 6.h3 Nf6 7.Nc3 Nd7 8.Be3 e5
9.O-O Qe7 10.Qd2 Nf8 11.Bh6 f6 12.Bxg7 Qxg7 13.Ne2 Ne6 14.c3 O-O 15.Rad1 Rd8
16.Qe3 Qf7 17.Rd2 b6 18.Rfd1 Ba6 19.Ne1 Qc7 20.g3 Ng5 21.h4 Nf7 22.f4 Qd7
23.Kg2 Re8 24.Nf3 Rad8 25.b3 Nh6 26.Nh2 Bc8 27.Ng1 Ng4 28.Nxg4 Qxg4 29.fxe5 Rxe5
30.Rf1 f5 31.Rf4 Qh5 32.Nf3 Re7 33.Qf2 h6 34.exf5 gxf5 35.d4 Qe8 36.Kg1 cxd4
37.Rfxd4 Rxd4 38.Qxd4 Bb7 39.Qd8 c5 40.Qxe8+ Rxe8 41.Kf2 Re7 42.Rd6 Kg7 43.h5 Be4
44.Nh4 Bb1 45.Kf3 Kh7 46.Ng6 Rf7 47.a3 Bc2 48.b4 cxb4 49.cxb4 Rc7 50.Kf4 Kg7
51.Ke5 Rf7 52.Rd8 Bb1 53.Kf4 Rc7 54.Ne5 Re7 55.Rd6 Rc7 56.Nd7 Rc4+ 57.Ke5 Rg4
58.Nf6 Rxg3 59.Rd7+ Kf8 60.Rxa7 Re3+ 61.Kf4 Re1 62.Nd7+ Ke7 63.Nxb6+ Kd6
64.Na4 Rf1+ 65.Ke3 f4+ 66.Ke2 Rh1 67.Nc3 Rh2+ 68.Ke1 Bd3 69.Nd1 Re2+ 70.Kf1 Ra2+
71.Ke1 Re2+  1/2-1/2

[Event "Open A"]
[Site "Pardubice CZE"]
[Date "2005.07.25"]
[Round "4"]
[White "Kalod,R"]
[Black "Filipenko,A"]
[Result "0-1"]
[WhiteElo "2492"]
[BlackElo "2380"]

1.e4 c5 2.Nf3 Nc6 3.Bb5 d6 4.O-O Bd7 5.Re1 Nf6 6.h3 a6 7.Bf1 e6 8.c3 Be7
9.d4 cxd4 10.cxd4 d5 11.exd5 Nxd5 12.Nc3 O-O 13.a3 Nxc3 14.bxc3 Rc8 15.Bd3 Na5
16.Qc2 h6 17.Ne5 Bb5 18.Bh7+ Kh8 19.Be4 Qc7 20.Bf4 Bd6 21.Rab1 Nc4 22.a4 Na3
23.Qc1 Nxb1 24.Bxh6 Bxe5 25.dxe5 f5 26.Bxb1 Bxa4 27.Bd2 Qc4 28.Qa3 Bc6 29.Bg5 Bd5
30.Rc1 Rf7 31.Qb2 Rfc7 32.Kh2 Qb3 33.Qe2 Kg8 34.Qh5 Qb2 35.Be3 Rxc3 36.Rg1 Rxe3
37.fxe3 Qxe5+ 38.Kh1 Qxe3 39.Bc2 Rxc2 40.Qe8+ Kh7 41.Qh5+ Qh6  0-1

[Event "Open A"]
[Site "Pardubice CZE"]
[Date "2005.07.25"]
[Round "4"]
[White "Dobrowolski,P"]
[Black "Polak,T"]
[Result "1/2-1/2"]
[WhiteElo "2388"]
[BlackElo "2493"]

1.e4 c5 2.Nf3 Nc6 3.Bb5 g6 4.Bxc6 dxc6 5.h3 Bg7 6.d3 e5 7.Be3 Qe7 8.O-O Nf6
9.Nbd2 O-O 10.a3 b6 11.Qb1 Nd7 12.Re1 a5 13.a4 Ba6 14.Qa2 h6 15.Nc4 Kh7 16.Bd2 Qd8
17.Bc3 Qc7 18.Re2 Rae8 19.Rf1 Re7 20.Nh2 Rfe8 21.Qb3 Bxc4 22.Qxc4 Nf8 23.Nf3 Ne6
24.g3 Rb8 25.Qa2 Rf8 26.Kg2 h5 27.h4 f6 28.Bd2 Bh6 29.Be3 Ree8 30.Qb3  1/2-1/2

[Event "Open A"]
[Site "Pardubice CZE"]
[Date "2005.07.25"]
[Round "4"]
[White "Korinek,O"]
[Black "Paljusaj,E"]
[Result "1/2-1/2"]
[WhiteElo "2195"]
[BlackElo "2282"]

1.e4 c5 2.Nf3 Nc6 3.Bb5 g6 4.Bxc6 dxc6 5.d3 Bg7 6.h3 e5 7.a3 Qd6 8.O-O Nf6
9.Nbd2 Be6 10.Ng5 O-O 11.b4 Nd7 12.Bb2 Rfe8 13.Nxe6 Rxe6 14.Nc4 Qe7 15.bxc5 Qxc5
16.a4 b5 17.Ba3 b4 18.Bc1 f5 19.Be3 Qe7 20.g3 f4 21.Bd2 Rf8 22.Rb1 c5 23.c3 g5
24.cxb4 Rh6 25.Qg4 Nf6 26.Qf5 Nd5 27.Qg4 Nxb4 28.Bxb4 cxb4 29.a5 Rhf6 30.Kg2 Qc5
31.Qxg5 fxg3 32.Qe3 Rxf2+ 33.Rxf2 Rxf2+ 34.Kxg3 Qxe3+ 35.Nxe3 Rd2 36.Rb3 Ra2
37.Nc4 Bf8 38.Kg4 Rc2 39.Nxe5 Rc3 40.Rb1 Bg7 41.Kf5 b3 42.Rb2 Bxe5 43.Kxe5 Rxd3
44.h4 Kf7 45.Kf5 Ke7 46.e5 Rc3 47.h5 Rd3 48.Rb1 Rh3 49.Kg4 Rd3 50.Kf5 Kd7
51.Rb2 a6 52.Rb1 Kc6 53.e6 Rf3+ 54.Ke4 Rh3 55.Kf5 Re3 56.Kf6 Rf3+ 57.Ke7 Re3
58.Kf7 Rf3+ 59.Ke8 Kb5 60.e7 Kxa5 61.Kd7 Rd3+ 62.Kc6 Re3 63.Rxb3 Rxe7 64.Ra3+ Kb4
65.Rxa6 Re6+ 66.Kb7 Rxa6 67.Kxa6 Kc5 68.h6 Kc6 69.Ka5 Kd6 70.Kb4  1/2-1/2

[Event "Open A"]
[Site "Pardubice CZE"]
[Date "2005.07.25"]
[Round "4"]
[White "Tjurin,A"]
[Black "Skacel,J"]
[Result "1-0"]
[WhiteElo "2341"]
[BlackElo "2109"]

1.e4 c5 2.Nf3 Nc6 3.Bb5 g6 4.Bxc6 bxc6 5.O-O Bg7 6.c3 d6 7.h3 Nf6 8.Re1 O-O
9.d4 cxd4 10.cxd4 Nd7 11.Nc3 Rb8 12.b3 Qa5 13.Bd2 Qh5 14.Rc1 Re8 15.e5 dxe5
16.dxe5 Nb6 17.Ne4 Qf5 18.Nd4 Qd7 19.Nxc6 Ra8 20.Bf4 Qxd1 21.Rcxd1 Bb7 22.Na5 Bd5
23.Nc3 Be6 24.Nb5 Rec8 25.Rc1 Nd5 26.Bg3 a6 27.Nd4 Nc3 28.Nac6 Nxa2 29.Nxe7+ Kh8
30.Nxc8 Nxc1 31.Nb6 Rb8 32.Rxc1  1-0